<?xml version="1.0" encoding="UTF-8"?>
<collection xmlns:xsi="http://www.w3.org/2001/XMLSchema-instance" xsi:schemaLocation="http://www.loc.gov/MARC21/slim http://www.loc.gov/standards/marcxml/schema/MARC21slim.xsd" xmlns="http://www.loc.gov/MARC21/slim">
 <record>
  <leader>00000ctm a22000004a 4500</leader>
  <controlfield tag="001">UP-99796217602381390</controlfield>
  <controlfield tag="003">Buklod</controlfield>
  <controlfield tag="005">20230503092542.0</controlfield>
  <controlfield tag="006">m    |o  d |      </controlfield>
  <controlfield tag="007">ta</controlfield>
  <controlfield tag="008">080209s1997    xx a    r    |000 u|eng d</controlfield>
  <datafield tag="035" ind1=" " ind2=" ">
   <subfield code="a">(iLib)UPD-00000125419</subfield>
  </datafield>
  <datafield tag="041" ind1=" " ind2=" ">
   <subfield code="a">eng</subfield>
  </datafield>
  <datafield tag="042" ind1=" " ind2=" ">
   <subfield code="a">DMLUC</subfield>
  </datafield>
  <datafield tag="090" ind1=" " ind2=" ">
   <subfield code="a">LG 995</subfield>
   <subfield code="b">1997 E6 O53</subfield>
  </datafield>
  <datafield tag="100" ind1="1" ind2=" ">
   <subfield code="a">Ong, Victoria D.</subfield>
  </datafield>
  <datafield tag="245" ind1="1" ind2="0">
   <subfield code="a">Design and development of a microcomputer-based productivity diagnostic prototype utilizing embedded rule-based expert system</subfield>
   <subfield code="c">Victoria D. Ong.</subfield>
  </datafield>
  <datafield tag="300" ind1=" " ind2=" ">
   <subfield code="a">xiii, 108 leaves</subfield>
   <subfield code="b">ill.</subfield>
  </datafield>
  <datafield tag="500" ind1=" " ind2=" ">
   <subfield code="a">Computer print-out.</subfield>
  </datafield>
  <datafield tag="500" ind1=" " ind2=" ">
   <subfield code="a">Thesis (M.S.)--University of the Philippines, Diliman.</subfield>
  </datafield>
  <datafield tag="520" ind1="3" ind2=" ">
   <subfield code="a">In response to the pressing need to provide productivity expertise to small and medium-sized enterprises (SME), the study presents a prototype system called Productivity Advisor. It serves as an automated diagnostic tool that acts as a decision-support system for managers, owners, and analysts. The study covers the design and development of the microcomputer-based productivity measurement and advising  prototype system for manufacturing firms. In general, it attempts to demonstrate the viability of enabling knowledge-based interpretation of database indices using expert systems technology. The software design is comprised of two modules: a productivity measurement module that prompts users of the system to encode financial data into the system. The second is a productivity diagnostic module that allows interpretation of the measured ratios. The design automates the decision-making process using the expertise of selected human experts in the field of productivity measurement and evaluation. The rule-based expert system program is encoded using a Windows-based expert systems development tool, CLIPS 6.0. To allow heuristic programming on the ratios, the expert system is embedded as part of the front-end FoxPro 2.6 database application.  The database system passes these ratios to the expert system in exchange for the diagnosis through an interface program written in Visual C++ 4.1 that uses the dynamic data exchange (DDE) concept.   The computer prototype was successfully developed on an IBM-compatible Pentium personal computer.  Testing was conducted on the prototype by using ISO 9241 software guidelines and was found to conform to the minimum requirements of the set specifications. In summary, the study displayed the viability of embedding an expert system program into a database application.</subfield>
  </datafield>
  <datafield tag="650" ind1=" " ind2="0">
   <subfield code="a">Decision support systems.</subfield>
  </datafield>
  <datafield tag="650" ind1=" " ind2="0">
   <subfield code="a">Expert systems.</subfield>
  </datafield>
  <datafield tag="650" ind1=" " ind2="0">
   <subfield code="a">Industrial productivity.</subfield>
  </datafield>
  <datafield tag="842" ind1=" " ind2=" ">
   <subfield code="a">Thesis</subfield>
  </datafield>
  <datafield tag="905" ind1=" " ind2=" ">
   <subfield code="a">Fi</subfield>
  </datafield>
  <datafield tag="905" ind1=" " ind2=" ">
   <subfield code="a">UP</subfield>
  </datafield>
  <datafield tag="950" ind1=" " ind2=" ">
   <subfield code="a">Paper</subfield>
  </datafield>
  <datafield tag="852" ind1="0" ind2=" ">
   <subfield code="a">UPD</subfield>
   <subfield code="b">DARCHIVES</subfield>
   <subfield code="h">LG 995 1997 E6 O53</subfield>
  </datafield>
  <datafield tag="852" ind1="0" ind2=" ">
   <subfield code="a">UPD</subfield>
   <subfield code="b">DENG</subfield>
   <subfield code="h">LG 995 1997 E6</subfield>
   <subfield code="i">O53</subfield>
  </datafield>
  <datafield tag="942" ind1=" " ind2=" ">
   <subfield code="a">Thesis</subfield>
  </datafield>
 </record>
</collection>
